| Tag |
First Indicator |
Second Indicator |
Subfields |
| LEADER |
00000cam a2200000 4500 |
| 001 |
in00000668721 |
| 005 |
20151015083751.0 |
| 007 |
he bm||||b|c| |
| 008 |
800926s1777 ne b b 000 0 lat |
| 010 |
|
|
|a 04031523
|
| 035 |
|
|
|a (OCoLC)06755453
|
| 035 |
|
|
|9 ACY0888AM
|
| 040 |
|
|
|a DLC
|c TXA
|d UtOrBLW
|
| 049 |
|
|
|a TXAI
|
| 050 |
0 |
0 |
|a QL711
|b .Z73
|
| 051 |
|
|
|c Copy 2.
|
| 090 |
|
|
|a QL711
|b .Z73 1777
|
| 092 |
|
|
|a 599
|b Z73s, 1777
|
| 099 |
|
|
|a fiche C
|a 9399 no.1000
|
| 100 |
1 |
|
|a Zimmermann, Eberhard August Wilhelm von,
|d 1743-1815.
|
| 245 |
1 |
0 |
|a Specimen zoologiae geographicae, quadrupedum domicilia et migrationes sistens /
|c Dedit, tabulamque mundi zoographicam adjunxit Eberh. Aug. Guilielm. Zimmermann.
|
| 264 |
|
1 |
|a Lugduni Batavorum :
|b Apud Theodorum Haak et socios,
|c 1777.
|
| 300 |
|
|
|a xxiv, 685 pages, 1 unnumbered page :
|b folded map. ;
|c 28 x 22 cm.
|
| 336 |
|
|
|a text
|b txt
|2 rdacontent
|
| 337 |
|
|
|a microform
|b h
|2 rdamedia
|
| 338 |
|
|
|a microfiche
|b he
|2 rdacarrier
|
| 533 |
|
|
|a Microfiche.
|b New Canaan, Conn. :
|c Readex Microprint,
|d [1987].
|e 15 microfiches ; 11 x 15 cm.
|f (Landmarks II).
|
| 500 |
|
|
|a Microform.
|
| 650 |
|
0 |
|a Mammals.
|
| 650 |
|
0 |
|a Zoogeography.
|
| 830 |
|
0 |
|a Landmarks II Monographs.
|
| 999 |
|
|
|a MARS
|
| 999 |
f |
f |
|s 7b3989ce-f552-39fe-8ae7-61f9ac8e27c5
|i 6a8b2cc2-e0df-32b8-97b6-256dc3a72d7c
|t 0
|
| 952 |
f |
f |
|p noncirc
|a Texas A&M University
|b College Station
|c Cushing Memorial Library & Archives
|d Cushing: Rare Books (Does not check out)
|t 0
|e QL711 .Z73 1777
|h Library of Congress classification
|i microform -- microfiche
|
| 952 |
f |
f |
|p normal
|a Texas A&M University
|b College Station
|c Sterling C. Evans Library
|d Evans: Microforms (3rd floor)
|t 0
|e fiche C 9399 no.1000
|h Other scheme
|i microform -- microfiche
|m A14823238912
|
| 998 |
f |
f |
|a fiche C 9399 no.1000
|t 0
|l Evans: Microforms (3rd floor)
|
| 998 |
f |
f |
|a QL711 .Z73 1777
|t 0
|l Cushing: Rare Books (Does not check out)
|